वृत्तपत्र मीमांसा (Record no. 403958)

MARC details
000 -LEADER
fixed length control field 00485nam a2200145Ia 4500
008 - FIXED-LENGTH DATA ELEMENTS--GENERAL INFORMATION
fixed length control field 100122s9999 xx 000 0 und d
082 ## - DEWEY DECIMAL CLASSIFICATION NUMBER
Item number 13043
Classification number 70.172
100 ## - MAIN ENTRY--PERSONAL NAME
Personal name केळकर न चि
245 ## - TITLE STATEMENT
Title वृत्तपत्र मीमांसा
260 ## - PUBLICATION, DISTRIBUTION, ETC. (IMPRINT)
Name of publisher, distributor, etc निलकंठ प्रकाशन
Date of publication, distribution, etc 1965
300 ## - PHYSICAL DESCRIPTION
Extent 159
630 ## - SUBJECT ADDED ENTRY--UNIFORM TITLE
Uniform title वृत्तपत्र मीमांसा
730 ## - ADDED ENTRY--UNIFORM TITLE
Uniform title वृत्तपत्र मीमांसा
942 ## - ADDED ENTRY ELEMENTS (KOHA)
Koha item type Book

No items available.